| 000 | 00590nam a2200193 u 4500 | ||
|---|---|---|---|
| 005 | 20210223131722.0 | ||
| 008 | 120523s2011 r 000 0 eng d | ||
| 020 | _a9786074716801 | ||
| 035 | _aUPN01000184573 | ||
| 049 | _aCG | ||
| 050 | 4 |
_aPS3565 A8.4 _bM6.6a |
|
| 100 | 1 |
_aOates, Joyce Carol, _d1938- _932389 |
|
| 245 | 1 | 0 |
_aMonstruo de ojos verdes / _cJoyce Carol Oates ; tr. María Dolores Crispìn. |
| 260 |
_aMéxico : _bSM, _c2011. |
||
| 300 | _a232 p. | ||
| 440 | 0 |
_aGran Angular ; _v51. _pAlerta Roja |
|
| 650 | 4 |
_aVIOLENCIA CONTRA LAS MUJERES - _vNOVELA _920977 |
|
| 905 | _aLibro | ||
| 999 |
_c156676 _d156676 |
||